000 00536nam a2200193Ia 4500
005 20250923145328.0
008 008 250917s9999 xx 000 0 eng d
037 _aTextual
040 _aDSWL
_beng
_cDSWL
041 _aeng
_2eng
084 _aY15-5x2, N75
_qDSWL
245 0 _aWomen in contemporary India
_c by Alfred De Souza
260 _bManchar Book Service
_c1975
300 _axxvi,264p.
365 _aINR
_b55 . 0
925 _g55 . 0
942 _cTEXL
_hY15-5x2, N75
999 _c1450063
_d1450063